La unidad popular interrumpida (1973).

Saved in:
Bibliografiske detaljer
Andre forfattere: Baño, Rodrigo (Editor)
Format: Bog
Sprog:engelsk
Udgivet: Santiago, Chile: Universidad de Chile; Facultad de Ciencias Sociales, Departamento de Sociología, 2024.
Udgivelse:Primera edición.
Fag:
Tags: Tilføj Tag
Ingen Tags, Vær først til at tagge denne postø!

MARC

LEADER 00000nam a22000007a 4500
003 CL-VaPUC
005 20241007090909.0
008 241002t2024 ||||| |||| 00| 0 eng d
999 |c 444950  |d 444948 
020 |a 978-956-19-1306-6 
040 |c Pontificia Universidad Católica de Valparaíso 
082 |2 22  |a 320.5320983 BAÑ 2024 
100 |9 891930  |a Baño, Rodrigo  |e editor 
245 |a La unidad popular interrumpida (1973). 
250 |a Primera edición. 
260 |a Santiago, Chile:   |b Universidad de Chile;   |b Facultad de Ciencias Sociales,  |b Departamento de Sociología,  |c 2024. 
300 |a 163 páginas.  
583 |c 20241002  |k Yessy Sthefany Diaz Vidal 
650 0 |9 317409  |a Unidad popular  |v Historia   |y 1970-1973  |z Chile  
650 0 |9 255151  |a Política y gobierno  |x Dictadura Militar   |z Chile  
650 0 |9 344340  |a Partidos políticos de izquierda   |y 1970-1973  |z Chile  
942 |2 ddc  |c BK 
952 |0 0  |1 0  |2 ddc  |4 0  |6 320_532098300000000_BAÑ_2024  |7 0  |8 A  |9 597112  |a BIBHIS  |b BIBHIS  |d 2024-10-02  |i 5662909  |o 320.5320983 BAÑ 2024  |p 5662909  |r 2024-10-02  |t 1  |w 2024-10-02  |y BK  |k HIS